Statistics for Tom Petty Songs

Click here to take the quiz!

General Stats

  • This quiz has been taken 107 times
  • The average score is 11 of 16

Answer Stats

Hint Answer % Correct
She's a good girl, loves her mama Loves Jesus and America too She's a good girl, crazy 'bout Elvis Loves horses and her boyfriend tooFree Fallin'
97%
Well. she was just an ________ ____ Raised on promisesAmerican Girl
92%
Well I know what's right I got just one life In a world that keeps on pushin' me around But I'll stand my groundI Won't Back Down
85%
It was a beautiful day, the sun beat down I had the radio on, I was drivin' Trees flew by, me and Del were singin' little Runaway I was flyin'Runnin' Down A Dream
79%
Eddie waited till he finished high school He went to Hollywood, got a tattoo He met a girl out there with a tattoo too The future was wide openInto The Great Wide Open
76%
We got somethin', we both know it, we don't talk too much about it Ain't no real big secret, all the same, somehow we get around it Listen, it don't really matter to me baby You believe what you want to believe, you seeRefugee
75%
It's alright if you love me It's alright if you don't I'm not afraid of you running away Honey, I get the feeling you won'tBreakdown
69%
Well I started out down a dirty road Started out all alone And the sun went down as I crossed the hill And the town lit up, the world got stillLearning To Fly
68%
I don't feel you anymore You darken my door Whatever you're looking for Hey, ___'_ ____ _____ ____ __ ____Don't Come Around Here No More
67%
She grew up in an Indiana town Had a good lookin' momma who never was around But she grew up tall and she grew up right With them Indiana boys on an Indiana nightMary Jane's Last Dance
65%
I was talking with a friend of mine Said a woman had hurt his pride Told him that she loved him so And turned around and let him goDon't Do Me Like That
63%
You think you're gonna take her away With your money and your cocaine You keep thinkin' that her mind is gonna change But I know everything is okayListen To Her Heart
57%
Oh baby don't it feel like heaven right now Don't it feel like something from a dream Yeah I've never known nothing quite like this Don't it feel like tonight might never be againThe Waiting
57%
Well it was nearly summer, we sat on your roof Yeah we smoked cigarettes and we stared at the moon And I showed you stars you never could see Babe, it couldn't have been that easy to forget about meEven The Losers
53%
You know , sometimes, i don't know why, But this old town just seems so hopeless I ain't really sure, but it seems i remember the good times Were just a little bit more in focusHere Comes My Girl
51%
You better watch what you say You better watch what you do to me Don't get carried away Girl, if you can do better than meYou Got Lucky
47%

Score Distribution

Percentile by Number Answered

Percent of People with Each Score

Your Score History

You have not taken this quiz